000 00486nam a2200145Ia 4500
008 090122s9999 xx 000 0 und d
082 _b6560
_a891.4684
100 _aभोसले
_bयशोधरा
245 _aअपूर्व अलौकिक एकमेव
600 _aभोसले
630 _aअपूर्व अलौकिक एकमेव
700 _aभोसले
730 _aअपूर्व अलौकिक एकमेव
942 _cBOOK
999 _c30637
_d30637